| 000 | 00705cam2a220025300 4500 | ||
|---|---|---|---|
| 001 | lce00116281 | ||
| 008 | 760917s1976 onc 000 0 eng d | ||
| 010 | _acn 76017184 | ||
| 015 | _aC76-17184-X | ||
| 020 |
_c _3.95 |
||
| 035 | _a(Sirsi) r16585 | ||
| 035 | _a(DLC)cn 76017184 | ||
| 035 | _a(UPRA)lce00116281 | ||
| 040 |
_aCaOTY _beng _cCaOONL _dCaOONL |
||
| 055 | 0 | 2 | _aPS8585* |
| 082 | _aC812/.5/4 | ||
| 100 | 1 |
_aRavel, Aviva _6A74079.1 |
|
| 245 | 1 | 0 |
_aDispossessed / _cAviva Ravel. |
| 260 |
_aToronto : _bPlaywrights Co-op, _cc1976. |
||
| 440 | 0 |
_aWomen write for theatre ; _vv. 3 _6S11702.1 |
|
| 500 | _aA play. | ||
| 949 |
_aPR9199.3.R38 _wlcc _i-11587 _mMAIN _tBOOK _lON-SHELF |
||
| 004 | 16585 | ||
| 999 |
_c159334 _d159334 |
||